| 000 | 00825nam a2200265Ia 4500 | ||
|---|---|---|---|
| 003 | GCL | ||
| 008 | 140319s9999 xx 000 0 ara d | ||
| 040 |
_aGCL / _cGCL |
||
| 082 | 0 | 4 |
_aق _b920.71 _bم ق |
| 100 | 1 | _aقاسم امين | |
| 245 | 1 | 0 |
_aقاسم امين الاعمال الكاملة / _cقاسم امين |
| 700 | 1 | _aمحمد عمارة | |
| 260 |
_a[S.N] : _bدار الشروق ، _c1989 |
||
| 300 | _a559 ص | ||
| 490 | _a | ||
| 650 | 0 | 4 | _aمصر |
| 650 | 0 | 4 | _aالاحوال الاجتماعية |
| 650 | 0 | 4 | _aالاحوال السياسية |
| 650 | 0 | 4 | _aالاحوال الثقافية |
| 650 | 0 | 4 | _aالمجتمع المصرى |
| 650 | 0 | 4 | _aتحرير المراة |
| 650 | 0 | 4 | _aالنساء فى الحياةالعامة |
| 650 | 0 | 4 | _aالمرأة فى المجتمع |
| 942 |
_2ddc _cBK |
||
| 999 |
_c58157 _d58157 |
||